000 00538cam a22002054a 4500
005 20250605164155.0
008 250528s ||||||||||||||||||||||||d
035 _a19557
020 _a394368770
040 _aGR-AtMCL
_bgre
_dGR-AtMCL
_eAACR2
245 1 _aINTERNATIONAL RELATIONS / THE GLOBAL CONDITION IN LATE TWENTIETH CENTURY
250 _a2
260 _bRandom House,
_c1984
300 _a621
700 1 _aPearson Frederic S
_94964
700 1 _aRochester Martin J
_94965
942 _cBK
999 _c4813
_d4813